| 000 | 00527nam a2200193Ia 4500 | ||
|---|---|---|---|
| 003 | GCL | ||
| 008 | 140319s9999 xx 000 0 eng d | ||
| 040 |
_aGCL / _cGCL |
||
| 082 | 0 | 4 |
_a537.5 _bR E |
| 100 | 1 | _aRAMA BHADRAN, S. | |
| 245 | 1 | 0 |
_aELECTRONICS: PRINCIPLES AND TECHNIQUES / _cRAMA BHADRAN, S. |
| 260 |
_a[S.N] : _bS. CHAND & COMPANY LTD ، _c1990 |
||
| 300 | _a1217 | ||
| 650 | 0 | 4 | _aالتحليل الرياضى |
| 650 | 0 | 4 | _aELECTRONICS |
| 650 | 0 | 4 | _aPHYSICS |
| 650 | 0 | 4 | _aELECTRIC ENGINEERING |
| 942 |
_2ddc _cBK |
||
| 999 |
_c19789 _d19789 |
||